[Event "SWE-chT 1718 Superettan"]
[Site "Sweden"]
[Date "2018.02.02"]
[Round "4.1"]
[White "Fendrich, David"]
[Black "Virolainen, Victor"]
[Result "1/2-1/2"]
[WhiteElo "2207"]
[BlackElo "2173"]
[PlyCount "115"]
[EventDate "2017.10.20"]
[EventType "team-tourn"]
[EventRounds "9"]
[EventCountry "SWE"]
[SourceTitle "EXT 2019"]
[Source "ChessBase"]
[SourceDate "2018.10.10"]
[SourceVersion "1"]
[SourceVersionDate "2018.10.10"]
[SourceQuality "1"]
[WhiteTeam "Manhem"]
[BlackTeam "Orgryte"]
[WhiteTeamCountry "SWE"]
[BlackTeamCountry "SWE"]

1. Nf3 Nf6 2. g3 d5 3. Bg2 Bg4 4. 0-0 e6 5. b3 Bd6 6. Bb2 Nbd7 7. c4 c6 8. Na3 Qe7 9. Nc2 0-0 10. Ne3 Bh5 11. d3 Rac8 12. Qd2 Bb4 13. Qd1 b5 14. a3 Bc5 15. cxb5 cxb5 16. Nd4 a6 17. a4 b4 18. Qd2 a5 19. Rac1 Bb6 20. f4 Nc5 21. Kh1 Qa7 22. Nec2 Bg6 23. Nb5 Qe7 24. Ncd4 Ne8 25. Ba1 Nd6 26. Qb2 f6 27. Nxd6 Qxd6 28. f5 Bf7 29. fxe6 Bxe6 30. Nf5 Qd7 31. g4 d4 32. Qxd4 Bxf5 33. gxf5 Qxd4 34. Bxd4 Nxa4 35. Bd5+ Kh8 36. Bxb6 Nxb6 37. Be6 Rxc1 38. Rxc1 a4 39. bxa4 Nxa4 40. Kg2 g5 41. Kf3 h5 42. Ke3 Rb8 43. d4 b3 44. Rb1 b2 45. Kd3 Kg7 46. Kc2 Rb4 47. e3 g4 48. Bb3 Kh6 49. Bxa4 Rxa4 50. Rxb2 Kg5 51. Kd3 Kxf5 52. Rb5+ Kg6 53. d5 Kf5 54. d6+ Ke6 55. Rxh5 Kxd6 56. e4 Ra3+ 57. Ke2 Rh3 58. Rxh3 1/2-1/2

[Event "SWE-chT 1718 Superettan"]
[Site "Sweden"]
[Date "2017.10.22"]
[Round "3"]
[White "Fendrich, David"]
[Black "Walinder, Lars"]
[Result "1-0"]
[WhiteElo "2207"]
[BlackElo "2202"]
[PlyCount "67"]
[EventDate "2017.10.20"]
[EventType "team-tourn"]
[EventRounds "9"]
[EventCountry "SWE"]
[SourceTitle "EXT 2019"]
[Source "ChessBase"]
[SourceDate "2018.10.10"]
[SourceVersion "1"]
[SourceVersionDate "2018.10.10"]
[SourceQuality "1"]
[WhiteTeam "Manhem"]
[BlackTeam "Kristallens"]
[WhiteTeamCountry "SWE"]
[BlackTeamCountry "SWE"]

1. c4 e5 2. g3 Nf6 3. Bg2 d5 4. cxd5 Nxd5 5. Nf3 Nc6 6. 0-0 Nb6 7. d3 Be7 8. a3 Be6 9. Nbd2 0-0 10. b4 f6 11. Bb2 a6 12. Ne4 Qd7 13. Nc5 Bxc5 14. bxc5 Nd5 15. Rb1 Rfd8 16. Re1 Rab8 17. Qa4 Nde7 18. Red1 Nf5 19. Ba1 Ba2 20. Rb2 Qf7 21. e3 Nfe7 22. Qc2 Be6 23. Rdb1 Na5 24. Qc3 Nec6 25. d4 Bg4 26. dxe5 Bxf3 27. Bxf3 Nxe5 28. Be4 Qc4 29. Rb4 Qe2 30. Rd4 Nac6 31. Qb3+ Kh8 32. Rxd8+ Rxd8 33. Bxe5 Nxe5 34. Qxb7 1-0

[Event "SWE-chT 1617"]
[Site "Sweden"]
[Date "2017.02.04"]
[Round "5.1"]
[White "Kucuksari, Kaan"]
[Black "Fendrich, David"]
[Result "1-0"]
[WhiteElo "2102"]
[BlackElo "2257"]
[PlyCount "117"]
[EventDate "2016.10.14"]
[EventType "team-tourn"]
[EventRounds "9"]
[EventCountry "SWE"]
[SourceTitle "CBM 177 Extra"]
[Source "ChessBase"]
[SourceDate "2017.04.27"]
[SourceVersion "1"]
[SourceVersionDate "2017.04.27"]
[SourceQuality "1"]
[WhiteTeam "Lunds"]
[BlackTeam "Manhem"]
[WhiteTeamCountry "SWE"]
[BlackTeamCountry "SWE"]

1. d4 d6 2. Nf3 g6 3. c4 Bg7 4. e4 e5 5. dxe5 dxe5 6. Qxd8+ Kxd8 7. Nc3 f6 8. Be3 c6 9. 0-0-0+ Kc7 10. Bc5 b6 11. Bd6+ Kb7 12. Be2 Nh6 13. Kc2 Nf7 14. Ba3 Bf8 15. Bxf8 Rxf8 16. b4 Be6 17. Nd2 Nd7 18. Nb3 f5 19. exf5 gxf5 20. f4 Nf6 21. Rhe1 Rae8 22. fxe5 Nxe5 23. Nd4 Bd7 24. h3 Kc7 25. Rf1 Ne4 26. Bh5 Nxc4 27. Bxe8 Ne3+ 28. Kd3 Rxe8 29. Nxe4 Nxf1 30. Nf6 Re3+ 31. Kc2 c5 32. bxc5 bxc5 33. Rxf1 cxd4 34. Nd5+ Kd6 35. Nxe3 dxe3 36. Rf3 Bc6 37. Rxe3 Bxg2 38. Rg3 Be4+ 39. Kd2 Ke5 40. Ra3 Kf4 41. Rxa7 h5 42. Rh7 Bf3 43. Rg7 Bc6 44. Ke2 Ba4 45. Kf2 Bc6 46. Rc7 Bd5 47. a4 Kg5 48. a5 Kh4 49. a6 Kxh3 50. a7 h4 51. Rc5 Bb7 52. Rb5 Bc6 53. Rb4 Bd5 54. Rb8 Kh2 55. a8Q Bxa8 56. Rxa8 h3 57. Rh8 f4 58. Rh4 f3 59. Rh8 1-0

[Event "SWE-chT 1617"]
[Site "Sweden"]
[Date "2016.10.14"]
[Round "1.1"]
[White "Wiedenkeller, Michael"]
[Black "Fendrich, David"]
[Result "1-0"]
[WhiteElo "2473"]
[BlackElo "2257"]
[PlyCount "91"]
[EventDate "2016.10.14"]
[EventType "team-tourn"]
[EventRounds "9"]
[EventCountry "SWE"]
[SourceTitle "EXT 2017"]
[Source "ChessBase"]
[SourceDate "2016.10.25"]
[SourceVersion "1"]
[SourceVersionDate "2016.10.25"]
[SourceQuality "1"]
[WhiteTeam "Stockholm Rockaden"]
[BlackTeam "Manhem"]
[WhiteTeamCountry "SWE"]
[BlackTeamCountry "SWE"]

1. d4 d6 2. c4 e5 3. d5 f5 4. e4 fxe4 5. Nc3 Na6 6. Nxe4 Nf6 7. Bd3 Nxe4 8. Bxe4 Qh4 9. Qe2 Nc5 10. Bc2 Bg4 11. Qe3 Be7 12. Qg3 0-0 13. Be3 b6 14. Qxh4 Bxh4 15. h3 Bf5 16. Bxf5 Rxf5 17. Nf3 Bxf2+ 18. Kxf2 e4 19. Bxc5 dxc5 20. Rae1 exf3 21. gxf3 Kf7 22. Rhg1 g6 23. Re4 Re8 24. Rge1 Rxe4 25. Rxe4 Rf6 26. Ke3 c6 27. Re5 cxd5 28. cxd5 Rf5 29. Ke4 Rxe5+ 30. Kxe5 Ke7 31. a4 a6 32. d6+ Kd7 33. Kd5 c4 34. f4 h6 35. h4 h5 36. Ke5 Kd8 37. Kd4 Kd7 38. Kd5 a5 39. Ke5 b5 40. axb5 c3 41. bxc3 a4 42. b6 Kc6 43. Ke6 a3 44. d7 a2 45. d8Q a1Q 46. Qc7+ 1-0

[Event "Gothenburg Manhem-B"]
[Site "Gothenburg"]
[Date "2016.08.15"]
[Round "4"]
[White "Ask, Josef"]
[Black "Fendrich, David"]
[Result "0-1"]
[WhiteElo "2208"]
[BlackElo "2201"]
[PlyCount "130"]
[EventDate "2016.08.13"]
[EventType "tourn"]
[EventRounds "9"]
[EventCountry "SWE"]
[EventCategory "2"]
[SourceTitle "CBM 173 Extra"]
[Source "ChessBase"]
[SourceDate "2016.08.29"]
[SourceVersion "1"]
[SourceVersionDate "2016.08.29"]
[SourceQuality "1"]

1. e4 c5 2. d3 Nc6 3. f4 g6 4. Nf3 Bg7 5. Be2 d6 6. 0-0 e5 7. Nc3 Nge7 8. Qe1 0-0 9. Qh4 f6 10. fxe5 dxe5 11. Be3 Nd4 12. Bd1 Be6 13. Ne2 Nec6 14. c3 Nxe2+ 15. Bxe2 Qe7 16. a3 a5 17. Qf2 b6 18. Qh4 Rfe8 19. g4 Bf7 20. Nd2 Qd7 21. Rf3 g5 22. Qg3 Nd8 23. h4 Ne6 24. Nc4 Nf4 25. Bf1 Rab8 26. Bf2 Be6 27. Ne3 Bf8 28. Rd1 Qc6 29. Re1 Rbd8 30. Nf5 Bxf5 31. gxf5 Re7 32. hxg5 Rg7 33. Qh2 Rxg5+ 34. Rg3 Rxg3+ 35. Qxg3+ Kh8 36. d4 cxd4 37. cxd4 Bh6 38. Qc3 Rg8+ 39. Kh2 Qe8 40. Bh3 Qh5 41. Rg1 Bg5 42. dxe5 Nxh3 43. Qxh3 Bf4+ 44. Bg3 Qxh3+ 45. Kxh3 Bxe5 46. Bxe5 Rxg1 47. Bxf6+ Kg8 48. Bd4 Re1 49. Bxb6 a4 50. Kg4 Rxe4+ 51. Kg5 Kf7 52. Ba5 h6+ 53. Kxh6 Kf6 54. Bc3+ Kxf5 55. Kg7 Re7+ 56. Kh6 Re2 57. Kg7 Ke6 58. Kf8 Rf2+ 59. Ke8 Rf7 60. Kd8 Kd5 61. Ke8 Rh7 62. Kd8 Kc4 63. Be5 Kb3 64. Kc8 Rh5 65. Bd4 Rh2 0-1

[Event "Gothenburg Manhem-B"]
[Site "Gothenburg"]
[Date "2016.08.14"]
[Round "2"]
[White "Ernst, Thomas"]
[Black "Fendrich, David"]
[Result "1-0"]
[WhiteElo "2357"]
[BlackElo "2201"]
[PlyCount "91"]
[EventDate "2016.08.13"]
[EventType "tourn"]
[EventRounds "9"]
[EventCountry "SWE"]
[EventCategory "2"]
[SourceTitle "CBM 173 Extra"]
[Source "ChessBase"]
[SourceDate "2016.08.29"]
[SourceVersion "1"]
[SourceVersionDate "2016.08.29"]
[SourceQuality "1"]

1. e4 d6 2. d4 e5 3. Nf3 exd4 4. Nxd4 Nf6 5. Nc3 Be7 6. g3 Nc6 7. Nde2 Bg4 8. Bg2 0-0 9. h3 Bd7 10. 0-0 Re8 11. b3 Bf8 12. Bb2 Nb4 13. Re1 c5 14. a3 Na6 15. Nf4 Nc7 16. Qd2 Rc8 17. Rad1 b5 18. Ncd5 Nfxd5 19. exd5 Qg5 20. h4 Qh6 21. c4 bxc4 22. bxc4 Be7 23. Bc1 Ba4 24. Qa5 Bxd1 25. Rxd1 Bd8 26. Qxa7 Qf6 27. Qb7 Ra8 28. Bb2 Qf5 29. Bh3 Qc2 30. Rc1 Qd2 31. Rf1 Qc2 32. Nh5 Qxc4 33. Bxg7 Rxa3 34. Ba1 Nxd5 35. Qb2 Rc3 36. Bg2 Nf6 37. Qd2 Nxh5 38. Bxc3 Ng7 39. Rc1 Nf5 40. Bf6 Qxc1+ 41. Qxc1 Bxf6 42. Qf4 Re1+ 43. Kh2 Nxh4 44. Qxf6 Nxg2 45. Qxd6 Ne3 46. fxe3 1-0

[Event "Gothenburg Manhem-B"]
[Site "Gothenburg"]
[Date "2016.08.13"]
[Round "1"]
[White "Rahul, Kumar Pune"]
[Black "Fendrich, David"]
[Result "0-1"]
[WhiteElo "2184"]
[BlackElo "2201"]
[PlyCount "114"]
[EventDate "2016.08.13"]
[EventType "tourn"]
[EventRounds "9"]
[EventCountry "SWE"]
[EventCategory "2"]
[SourceTitle "CBM 173 Extra"]
[Source "ChessBase"]
[SourceDate "2016.08.29"]
[SourceVersion "1"]
[SourceVersionDate "2016.08.29"]
[SourceQuality "1"]

1. d4 Nf6 2. Bf4 g6 3. Nc3 d5 4. Qd2 c5 5. dxc5 Bg7 6. 0-0-0 0-0 7. Bh6 Nc6 8. Bxg7 Kxg7 9. Nf3 Qa5 10. h4 h5 11. Nd4 Qxc5 12. e3 Rd8 13. Nb3 Qb6 14. f3 e5 15. Bb5 Be6 16. Qe2 Rac8 17. Na4 Qc7 18. Nac5 Bf5 19. e4 dxe4 20. Rxd8 Rxd8 21. fxe4 Bg4 22. Qf2 Nd4 23. Rf1 Nxe4 24. Nxe4 Nxb5 25. Qf6+ Kg8 26. Nbc5 Nd4 27. c3 Bf5 28. Ng3 Rd6 29. Qxe5 Nb3+ 30. Nxb3 Rd1+ 31. Rxd1 Qxe5 32. Nxf5 Qf4+ 33. Rd2 Qf1+ 34. Rd1 Qf4+ 35. Rd2 Qf1+ 36. Rd1 Qxf5 37. Rd4 Qf1+ 38. Kc2 Qxg2+ 39. Nd2 Kg7 40. b4 g5 41. hxg5 Qxg5 42. Kb3 Qg3 43. Ne4 Qe1 44. Nd6 b6 45. Nf5+ Kf6 46. Nh4 b5 47. Kc2 Qf2+ 48. Kb3 Kg5 49. a4 bxa4+ 50. Kxa4 f5 51. Nxf5 Kxf5 52. Rd5+ Ke4 53. c4 h4 54. Rh5 Kd4 55. Kb5 h3 56. Ka6 Kxc4 57. Rxh3 Qb6# 0-1

[Event "SWE-chT 1415 Superettan"]
[Site "Sweden"]
[Date "2014.11.21"]
[Round "1"]
[White "Fendrich, David"]
[Black "Arvidsson, Tomas"]
[Result "1-0"]
[WhiteElo "2168"]
[BlackElo "1992"]
[PlyCount "69"]
[EventDate "2014.11.21"]
[EventType "team-tourn"]
[EventRounds "9"]
[EventCountry "SWE"]
[SourceTitle "EXT 2018"]
[Source "ChessBase"]
[SourceDate "2017.10.13"]
[SourceVersion "1"]
[SourceVersionDate "2017.10.13"]
[SourceQuality "1"]
[WhiteTeam "Manhem"]
[BlackTeam "Norrkoping Schack 08"]
[WhiteTeamCountry "SWE"]
[BlackTeamCountry "SWE"]

1. g3 Nf6 2. Bg2 g6 3. c4 Bg7 4. Nc3 d6 5. d3 0-0 6. e4 e5 7. Nge2 c6 8. 0-0 Na6 9. h3 Nh5 10. Be3 f5 11. Qd2 Be6 12. Kh2 Kh8 13. exf5 gxf5 14. f4 Rg8 15. Rad1 Qe7 16. Rfe1 Qf7 17. b3 Bf6 18. Bf3 Nc7 19. Rg1 Ne8 20. d4 e4 21. d5 exf3 22. dxe6 Qxe6 23. Nd4 Qd7 24. Nxf3 Rxg3 25. Rxg3 Nxg3 26. Kxg3 Qg7+ 27. Kh2 Bxc3 28. Qd3 Rd8 29. Nd4 Nf6 30. Nxf5 Qd7 31. Nxd6 Qg7 32. Qxc3 Rg8 33. Rg1 Ng4+ 34. Rxg4 Qxc3 35. Nf7# 1-0

[Event "SWE-chT2 1314"]
[Site "Sweden"]
[Date "2014.03.07"]
[Round "7"]
[White "Fendrich, David"]
[Black "Landgren, Andreas"]
[Result "0-1"]
[WhiteElo "2178"]
[BlackElo "2193"]
[PlyCount "116"]
[EventDate "2013.11.22"]
[EventType "team-tourn"]
[EventRounds "9"]
[EventCountry "SWE"]
[SourceTitle "EXT 2015"]
[Source "ChessBase"]
[SourceDate "2014.11.20"]
[SourceVersion "1"]
[SourceVersionDate "2014.11.20"]
[SourceQuality "1"]
[WhiteTeam "Manhem"]
[BlackTeam "Solna"]
[WhiteTeamCountry "SWE"]
[BlackTeamCountry "SWE"]

1. g3 d5 2. c4 d4 3. Bg2 Nf6 4. Nf3 Nc6 5. 0-0 e5 6. d3 Be7 7. b4 e4 8. dxe4 Bxb4 9. e5 Ne4 10. Bb2 Nc3 11. Qc2 Nxb1 12. Raxb1 0-0 13. Rfd1 Qe7 14. Nxd4 Nxd4 15. Rxd4 c6 16. Rh4 h6 17. Be4 Rd8 18. Bc1 a5 19. f4 Qc5+ 20. Kg2 Be6 21. Bd3 b5 22. f5 Bxc4 23. Bxc4 bxc4 24. Rxc4 Qxe5 25. Bf4 Qe8 26. f6 g5 27. Re4 Qd7 28. Be5 Qd5 29. Kf1 Rd7 30. Ba1 Rad8 31. Kg1 Qd2 32. Qxc6 Qxa2 33. Rf1 Qd5 34. Qxd5 Rxd5 35. h4 Rd1 36. Bb2 Kh7 37. hxg5 hxg5 38. g4 Kg6 39. Rxd1 Rxd1+ 40. Kg2 Rd8 41. Kf3 Ra8 42. Rc4 Bf8 43. e4 a4 44. e5 a3 45. Ba1 Rb8 46. Ra4 Kh7 47. Ke4 Kg6 48. Bd4 Rb1 49. Kd5 Rd1 50. Kc4 Rc1+ 51. Kb3 Rc8 52. Bc3 Rb8+ 53. Kc4 Rc8+ 54. Kb3 Rb8+ 55. Kc2 Rc8 56. Kd3 Rd8+ 57. Bd4 Bc5 58. e6 fxe6 0-1

[Event "SWE-chT2 1314"]
[Site "Sweden"]
[Date "2013.11.24"]
[Round "3"]
[White "Fendrich, David"]
[Black "Berdychevskaya, Natasha"]
[Result "0-1"]
[WhiteElo "2178"]
[BlackElo "2209"]
[PlyCount "78"]
[EventDate "2013.11.22"]
[EventType "team-tourn"]
[EventRounds "9"]
[EventCountry "SWE"]
[SourceTitle "EXT 2015"]
[Source "ChessBase"]
[SourceDate "2014.11.20"]
[SourceVersion "1"]
[SourceVersionDate "2014.11.20"]
[SourceQuality "1"]
[WhiteTeam "Manhem"]
[BlackTeam "Sollentuna"]
[WhiteTeamCountry "SWE"]
[BlackTeamCountry "SWE"]

1. g3 d5 2. c4 c6 3. Nf3 Nf6 4. Bg2 g6 5. b3 Bg7 6. Bb2 0-0 7. 0-0 Qb6 8. Qc2 Bf5 9. d3 a5 10. Nc3 Na6 11. Rae1 Nb4 12. Qb1 Rfd8 13. cxd5 cxd5 14. Na4 Qa7 15. Bd4 Qb8 16. Be5 Qa7 17. Nd4 Bd7 18. Qb2 Ne8 19. Bxg7 Nxg7 20. Nc5 Be8 21. a3 Nc6 22. Nxc6 Bxc6 23. d4 Qb8 24. b4 axb4 25. axb4 Bb5 26. Ra1 Rxa1 27. Rxa1 b6 28. Nb3 Qd6 29. Qd2 Bc4 30. Nc1 Nf5 31. e3 e5 32. dxe5 Qxe5 33. Ra7 d4 34. e4 Nd6 35. f3 Nb5 36. f4 Qe6 37. Ra1 d3 38. Ne2 Qd7 39. Rd1 dxe2 0-1

[Event "SWE-chT 1112"]
[Site "Sweden"]
[Date "2011.10.09"]
[Round "3"]
[White "Fendrich, David"]
[Black "Engqvist, Thomas"]
[Result "0-1"]
[WhiteElo "2167"]
[BlackElo "2353"]
[PlyCount "62"]
[EventDate "2011.10.07"]
[EventType "team-tourn"]
[EventRounds "9"]
[EventCountry "SWE"]
[SourceTitle "EXT 2012"]
[Source "ChessBase"]
[SourceDate "2011.11.24"]
[SourceVersion "1"]
[SourceVersionDate "2011.11.24"]
[SourceQuality "1"]
[WhiteTeam "Manhem"]
[BlackTeam "Umea Rockaden"]
[WhiteTeamCountry "SWE"]
[BlackTeamCountry "SWE"]

1. c4 c6 2. g3 d5 3. Nf3 Bg4 4. Bg2 e6 5. 0-0 Nd7 6. cxd5 exd5 7. b3 Ngf6 8. Bb2 Bd6 9. d3 0-0 10. Nbd2 Re8 11. Re1 Qb6 12. Qc2 Ne5 13. Nxe5 Bxe5 14. Bxe5 Rxe5 15. Nf3 Bxf3 16. Bxf3 Rae8 17. Rab1 d4 18. b4 Nd5 19. Bxd5 Rxd5 20. Red1 Re6 21. Rb2 h5 22. Kg2 Rde5 23. Re1 Qd8 24. Qc4 b5 25. Qc1 h4 26. Rc2 Qd5+ 27. f3 Re3 28. Kf2 Rf6 29. Qb2 hxg3+ 30. hxg3 Rfxf3+ 31. exf3 Qxf3+ 0-1

[Event "SWE-chT 1011"]
[Site "Sweden"]
[Date "2010.11.14"]
[Round "4"]
[White "Fendrich, David"]
[Black "Svenn, Matti"]
[Result "1/2-1/2"]
[WhiteElo "2183"]
[BlackElo "2214"]
[PlyCount "105"]
[EventDate "2010.10.08"]
[EventType "team-tourn"]
[EventRounds "11"]
[EventCountry "SWE"]
[SourceTitle "CBM 138 Extra"]
[Source "ChessBase"]
[SourceDate "2010.10.29"]
[SourceVersion "1"]
[SourceVersionDate "2010.10.29"]
[SourceQuality "1"]
[WhiteTeam "Manhem"]
[BlackTeam "Kamraterna"]
[WhiteTeamCountry "SWE"]
[BlackTeamCountry "SWE"]

1. g3 d5 2. c4 e6 3. Bg2 Nf6 4. Nf3 c5 5. 0-0 Nc6 6. e3 Be7 7. b3 0-0 8. Qe2 b6 9. Bb2 Bb7 10. Nc3 dxc4 11. bxc4 Qc7 12. Rfd1 Rac8 13. Rac1 Rfd8 14. d4 Ba6 15. Nb5 Qb8 16. Ng5 h6 17. d5 exd5 18. cxd5 Nb4 19. Bxf6 Bxf6 20. Ne4 Nxa2 21. Nxf6+ gxf6 22. Qxa2 Bxb5 23. Ra1 a6 24. Bh3 Bd7 25. Bxd7 Rxd7 26. Qxa6 Rd6 27. Rab1 c4 28. Rd4 Qc7 29. Rc1 c3 30. Rc2 Rcd8 31. Qd3 Rc8 32. e4 Qc5 33. Ra4 b5 34. Ra5 Rb6 35. d6 Qb4 36. d7 Rd8 37. Raa2 Rd6 38. Qxc3 Qxc3 39. Rxc3 R8xd7 40. Ra8+ Kg7 41. Rb8 Rd4 42. f3 Rc4 43. Rxc4 bxc4 44. Rc8 Rd3 45. Kg2 Rd2+ 46. Kh3 Rf2 47. f4 Rc2 48. Kg4 Rxh2 49. Rxc4 Ra2 50. Rc6 Ra5 51. Rd6 Rb5 52. Rd5 Rb3 53. Ra5 1/2-1/2

[Event "SWE-chT 1011"]
[Site "Sweden"]
[Date "2010.10.08"]
[Round "1"]
[White "Fendrich, David"]
[Black "Hedman, Erik"]
[Result "0-1"]
[WhiteElo "2183"]
[BlackElo "2388"]
[PlyCount "116"]
[EventDate "2010.10.08"]
[EventType "team-tourn"]
[EventRounds "11"]
[EventCountry "SWE"]
[SourceTitle "CBM 138 Extra"]
[Source "ChessBase"]
[SourceDate "2010.10.29"]
[SourceVersion "1"]
[SourceVersionDate "2010.10.29"]
[SourceQuality "1"]
[WhiteTeam "Manhem"]
[BlackTeam "Stockholm Rockaden"]
[WhiteTeamCountry "SWE"]
[BlackTeamCountry "SWE"]

1. c4 c5 2. g3 Nc6 3. Bg2 g6 4. Nc3 Bg7 5. a3 d6 6. Rb1 a5 7. Nf3 e5 8. 0-0 Nge7 9. Ne1 Be6 10. d3 0-0 11. Nc2 d5 12. cxd5 Nxd5 13. Bd2 Nde7 14. b4 axb4 15. axb4 c4 16. dxc4 Bxc4 17. Ne3 Be6 18. Ne4 Ra2 19. b5 Nd4 20. Nc5 Rxd2 21. Qxd2 Nf3+ 22. Bxf3 Qxd2 23. Rfd1 Qa2 24. Nxb7 f5 25. Ra1 Qxa1 26. Rxa1 e4 27. Ra6 Bc8 28. Bxe4 fxe4 29. Rd6 Bh6 30. Nc5 Bxe3 31. fxe3 Nf5 32. Rd1 Nxe3 33. Rb1 Rf7 34. Nxe4 Bf5 35. Rb3 Bxe4 36. Rxe3 Re7 37. b6 Kf8 38. Kf2 Kf7 39. Rc3 Ke6 40. Ke3 Ke5 41. Rc5+ Bd5 42. Rc2 Kd6+ 43. Kf2 Rb7 44. Rb2 Kc5 45. Ke3 Re7+ 46. Kf2 Bb7 47. h4 Re6 48. g4 h6 49. Kg3 Re3+ 50. Kh2 g5 51. hxg5 hxg5 52. Rb1 Rxe2+ 53. Kg3 Re3+ 54. Kh2 Re4 55. Kg3 Rb4 56. Rxb4 Kxb4 57. Kf2 Kc4 58. Ke3 Kc3 0-1

[Event "SWE-chT 0910"]
[Site "Sweden"]
[Date "2009.10.17"]
[Round "2"]
[White "Volodin, Aleksandr"]
[Black "Fendrich, David"]
[Result "1-0"]
[WhiteElo "2429"]
[BlackElo "2172"]
[PlyCount "53"]
[EventDate "2009.10.16"]
[EventType "team"]
[EventRounds "11"]
[EventCountry "SWE"]
[SourceTitle "EXT 2011"]
[Source "ChessBase"]
[SourceDate "2010.11.26"]
[SourceVersion "1"]
[SourceVersionDate "2010.11.26"]
[SourceQuality "1"]
[WhiteTeam "Viking"]
[BlackTeam "Manhem"]
[WhiteTeamCountry "SWE"]
[BlackTeamCountry "SWE"]

1. d4 Nf6 2. c4 c5 3. d5 b5 4. Bg5 Ne4 5. Nd2 Nxg5 6. h4 e6 7. hxg5 exd5 8. cxd5 Qxg5 9. e4 d6 10. Ngf3 Qd8 11. Bxb5+ Bd7 12. Bd3 g6 13. Qb3 a5 14. Qc3 f6 15. e5 Bg7 16. e6 Qe7 17. 0-0-0 Bc8 18. Rxh7 Rxh7 19. Bxg6+ Kd8 20. Bxh7 f5 21. Qb3 Na6 22. Qb6+ Nc7 23. Bxf5 a4 24. Bd3 a3 25. Ne4 Bxb2+ 26. Kc2 Ba6 27. Bxa6 1-0

[Event "SWE-chT 0809"]
[Site "Sweden"]
[Date "2009.03.15"]
[Round "11"]
[White "Fendrich, David"]
[Black "Gajic, Mladen"]
[Result "1-0"]
[WhiteElo "2276"]
[BlackElo "2268"]
[PlyCount "65"]
[EventDate "2008.10.25"]
[EventType "team-tourn"]
[EventRounds "11"]
[EventCountry "SWE"]
[SourceTitle "EXT 2011"]
[Source "ChessBase"]
[SourceDate "2010.11.26"]
[SourceVersion "1"]
[SourceVersionDate "2010.11.26"]
[SourceQuality "1"]

1. c4 c6 2. g3 d5 3. Bg2 Nf6 4. Nf3 dxc4 5. Qc2 b5 6. a4 Bb7 7. b3 cxb3 8. Qxb3 a6 9. Ba3 e6 10. Bxf8 Rxf8 11. 0-0 Ke7 12. Nc3 Re8 13. e4 Kf8 14. e5 Nd5 15. Ne4 Re7 16. Nd6 h6 17. d4 Qb6 18. Rfc1 Rc7 19. Qd3 Kg8 20. Nd2 Nd7 21. Rab1 Qa7 22. Bxd5 exd5 23. axb5 axb5 24. Qf5 Qxd4 25. Nf3 Qb6 26. Qxf7+ Kh8 27. Ne8 Nxe5 28. Qf8+ Kh7 29. Nxe5 c5 30. Qf5+ g6 31. Nf6+ Kg7 32. Qxg6+ Kf8 33. Nfd7+ 1-0

[Event "SWE-chT 0809"]
[Site "Sweden"]
[Date "2009.03.14"]
[Round "10"]
[White "Fendrich, David"]
[Black "Norberg, Erik"]
[Result "1/2-1/2"]
[WhiteElo "2276"]
[BlackElo "2289"]
[PlyCount "85"]
[EventDate "2008.10.25"]
[EventType "team-tourn"]
[EventRounds "11"]
[EventCountry "SWE"]
[SourceTitle "EXT 2011"]
[Source "ChessBase"]
[SourceDate "2010.11.26"]
[SourceVersion "1"]
[SourceVersionDate "2010.11.26"]
[SourceQuality "1"]

1. c4 g6 2. g3 Bg7 3. Bg2 e5 4. Nc3 Ne7 5. d3 d6 6. e4 0-0 7. Nge2 Nbc6 8. 0-0 a6 9. Be3 Nd4 10. Qd2 Bh3 11. Nd5 Bxg2 12. Kxg2 Nxd5 13. cxd5 c5 14. Rab1 Nxe2 15. Qxe2 a5 16. b3 b5 17. a3 Qd7 18. Qd2 f5 19. f3 b4 20. Ra1 f4 21. Bg1 Bh6 22. Ra2 Kg7 23. g4 Bg5 24. Rfa1 h5 25. gxh5 Rh8 26. axb4 Rxh5 27. Kh1 cxb4 28. Rxa5 Rxa5 29. Rxa5 Kh6 30. Ra8 Bd8 31. d4 Rg5 32. dxe5 dxe5 33. Qf2 Rh5 34. Ra6 Qb5 35. Ra8 Bf6 36. Ra2 Qd3 37. Rb2 Be7 38. Qe2 Qc3 39. Rb1 Rh3 40. Kg2 Rxf3 41. Qxf3 Qc2+ 42. Bf2 Qxb1 43. d6 1/2-1/2

[Event "SWE-chT 0809"]
[Site "Sweden"]
[Date "2009.03.13"]
[Round "9"]
[White "Johansson, Carl Fredrik"]
[Black "Fendrich, David"]
[Result "1-0"]
[WhiteElo "2219"]
[BlackElo "2276"]
[PlyCount "89"]
[EventDate "2008.10.25"]
[EventType "team-tourn"]
[EventRounds "11"]
[EventCountry "SWE"]
[SourceTitle "EXT 2011"]
[Source "ChessBase"]
[SourceDate "2010.11.26"]
[SourceVersion "1"]
[SourceVersionDate "2010.11.26"]
[SourceQuality "1"]

1. d4 Nf6 2. c4 c5 3. d5 b5 4. cxb5 a6 5. bxa6 g6 6. Nc3 Bxa6 7. e4 Bxf1 8. Kxf1 d6 9. f4 Bg7 10. Nf3 0-0 11. e5 Ne8 12. h4 Nc7 13. h5 Nd7 14. e6 fxe6 15. Ng5 e5 16. Qd3 Qe8 17. hxg6 Qxg6 18. Qh3 Nf6 19. f5 Nfxd5 20. g4 h6 21. Ke1 Qe8 22. Nxd5 Nxd5 23. Ne6 Ra4 24. Nxg7 Re4+ 25. Kf2 Qa4 26. Ne6 Rxg4 27. Qd3 Nb4 28. Qe2 Rxf5+ 29. Bf4 Rgxf4+ 30. Nxf4 Nd3+ 31. Qxd3 Qxf4+ 32. Ke1 Qf2+ 33. Kd1 Rf4 34. Kc1 Rd4 35. Qc2 Qe3+ 36. Kb1 Kf8 37. a4 Qf3 38. Rc1 Ke8 39. a5 Qd5 40. a6 Rb4 41. a7 Qa8 42. Rg1 Kd7 43. Qf5+ Kc7 44. Ra3 Rb7 45. Qe6 1-0

[Event "SWE-chT2 0708"]
[Site "Sweden"]
[Date "2008.01.13"]
[Round "5"]
[White "Fendrich, David"]
[Black "Schussler, Harry"]
[Result "1/2-1/2"]
[WhiteElo "2300"]
[BlackElo "2445"]
[PlyCount "44"]
[EventDate "2007.10.20"]
[EventType "team"]
[EventRounds "9"]
[EventCountry "SWE"]
[SourceTitle "EXT 2009"]
[Source "ChessBase"]
[SourceDate "2008.11.26"]
[SourceVersion "1"]
[SourceVersionDate "2008.11.26"]
[SourceQuality "1"]
[WhiteTeam "Manhem II"]
[BlackTeam "Eksjo"]
[WhiteTeamCountry "SWE"]
[BlackTeamCountry "SWE"]

1. g3 g6 2. Bg2 Bg7 3. c4 c5 4. Nc3 Nc6 5. a3 a5 6. Nf3 e5 7. d4 Nxd4 8. Nxd4 cxd4 9. Nb5 Ne7 10. e3 0-0 11. exd4 d5 12. dxe5 dxc4 13. 0-0 Bxe5 14. Qe2 Bg7 15. Bf4 Nc6 16. Nc7 g5 17. Bxc6 gxf4 18. Nxa8 bxc6 19. Rad1 Qg5 20. Nb6 Bg4 21. Qxc4 Bxd1 22. Rxd1 fxg3 1/2-1/2

[Event "SWE-chT2 0708"]
[Site "Sweden"]
[Date "2007.10.21"]
[Round "2"]
[White "Fendrich, David"]
[Black "Olofsson, Dan"]
[Result "1-0"]
[WhiteElo "2287"]
[BlackElo "2227"]
[PlyCount "63"]
[EventDate "2007.10.20"]
[EventType "team"]
[EventRounds "9"]
[EventCountry "SWE"]
[SourceTitle "EXT 2009"]
[Source "ChessBase"]
[SourceDate "2008.11.26"]
[SourceVersion "1"]
[SourceVersionDate "2008.11.26"]
[SourceQuality "1"]
[WhiteTeam "Manhem II"]
[BlackTeam "Stockholm Rockaden II"]
[WhiteTeamCountry "SWE"]
[BlackTeamCountry "SWE"]

1. g3 d5 2. c4 c6 3. Bg2 Nf6 4. Nf3 g6 5. b3 Bg7 6. Bb2 0-0 7. 0-0 Bg4 8. d3 Nbd7 9. Nbd2 Bxf3 10. Nxf3 dxc4 11. bxc4 Qa5 12. d4 Ne4 13. Qc2 f5 14. Rfd1 Rfd8 15. Ne1 Nd6 16. c5 Nf7 17. Qc4 Nf6 18. Nd3 Nd5 19. Nf4 Nxf4 20. gxf4 Qc7 21. e3 Qd7 22. Bc3 e6 23. Rab1 Qe7 24. Ba5 Rd7 25. Rb4 e5 26. fxe5 Bxe5 27. Rdb1 Bc7 28. Rxb7 Bxh2+ 29. Kxh2 Rxb7 30. Rxb7 Qxb7 31. d5 Ne5 32. dxc6+ 1-0